000 00463nam a22001817a 4500
003 CEME
005 20210628205628.0
008 210301b xxu||||| |||| 00| 0 eng d
020 _a969-35-0258-2
040 _c.
082 _a910.4 TAR'H
100 _aMustansar Hussian Tarar Tarar, Mustansar Hussain
_976334
245 _aHunza dastan
260 _aLAHORE
_bSANG-EMEEL
_c1998
300 _a295P
650 _aURDU ADAB-SAFAR NAMA
_966376
942 _cBK
_2ddc
999 _c581730
_d581730